000 00511nam a2200169Ia 4500
008 230917s9999||||xx |||||||||||||| ||und||
020 _cRS495
040 _e245364
_aMAIN
041 _aEnglish
082 _a615.19 A57Q
100 _aAnjaneyulu, Y
245 0 _aQuality assurance and quality management in pharmaceutical industry
260 _aHyderabad
_bPharmaMed Press
_c2017
300 _axv, 362 p.
500 _a3029 29/01/2018 RBP18/68931 09/02/2018 Pharmaceutical Sciences (Non- Plan)
942 _cBK
999 _c25797
_d25797